Comentarios a la Ley de Extincin̤ de Dominio para el Distrito Federal Doctrina : Jurisprudencia

Detalles Bibliográficos
Autor principal: Martn̕ez-Bastida, Eduardo
Formato: eBook
Lenguaje:español
Publicado: Coyoacǹ : Ral︢ Jur̀ez Carro Editorial, 2010
Edición:3a. ed.
Materias:
Acceso en línea:http://www.vlex.com/source/7379

MARC

LEADER 00000nam a22000007a 4500
005 20130307190914.0
007 cr|||| ||||
008 130307e2010 mx |||||s|||| 00||0 spa d
020 |a 968-5964-15-7 
035 |a 7379 
040 |a vLex 
090 |c 3857  |d 3857 
100 1 0 |a Martn̕ez-Bastida, Eduardo  
245 1 0 |a Comentarios a la Ley de Extincin̤ de Dominio para el Distrito Federal  |b Doctrina : Jurisprudencia  |c / Eduardo Martn̕ez-Bastida   |h [Recurso electrn̤ico]  
250 |a 3a. ed.  
256 |a Servicio en ln̕ea  
260 |a Coyoacǹ :  |b Ral︢ Jur̀ez Carro Editorial,   |c 2010 
300 |a 1 Recurso electrn̤ico 
506 |d vLex Global  |d vLex Global (Academic Edition, excluding Law Schools)  |d vLex Global (U.S. Academic Edition, Law Schools)  |d vLex Global (U.S. Academic Edition, excluding Law Schools)  |d vLex Global (Academic Edition, Law Schools) 
650 0 4 |a Derecho civil  |z Mx̌ico 
650 0 4 |a Extincin̤ de dominio 
740 |a vLex Libros (Servicio en ln̕ea) 
856 |a Acceso restringido  |u http://www.vlex.com/source/7379 
942 |c BOOK 
999 0 |a Civil law